| 000 | 01277cam a22004214i 4500 | ||
|---|---|---|---|
| 003 | PE-LiUPU | ||
| 005 | 20250731173444.0 | ||
| 008 | 150616s r 000 0 d | ||
| 020 | _a8497140532 | ||
| 035 | _a(Sirsi) i9788497140539 | ||
| 040 |
_aPE-LiUPU _bspa _cPE-LiUPU _erda |
||
| 049 | _aPRUA | ||
| 082 | 0 | 4 |
_a282.8 _bB732h _221 |
| 100 | 1 |
_aBorges, Pedro, _eautor. |
|
| 245 | 1 | 0 | _aHistoria de la Iglesia en Hispanoamérica y Filipinas. |
| 264 | 1 |
_aMadrid : _bBiblioteca de Autores Cristianos, _c1992. |
|
| 300 |
_a854 páginas ; _c24 centímetros |
||
| 336 |
_atext _2rdacontent |
||
| 337 |
_aunmediated _2rdamedia |
||
| 338 |
_avolume _2rdacarrier |
||
| 505 | 0 | _aCuestiones Globales.- La Iglesia Diocesana.- La Iglesia Misional.- La Irradiación de la Iglesia historia iglesia. | |
| 526 | _aSEG42 | ||
| 526 | _aSEG41 | ||
| 526 | _aSEG40 | ||
| 526 | _aSEG39 | ||
| 526 | _aP94 | ||
| 526 | _aP87 | ||
| 526 | _aP86 | ||
| 526 | _aP85 | ||
| 526 | _aP77 | ||
| 526 | _aP76 | ||
| 526 | _aP35 | ||
| 610 | 0 |
_aIglesia Católica _9950 _xHistoria _zAmérica Latina |
|
| 610 | 0 |
_aIglesia Católica _9950 _xHistoria _zFilipinas |
|
| 942 |
_2ddc _cBK |
||
| 980 |
_81 _gALBERTO SANCHEZ Responsable de Automatización |
||
| 999 |
_c56919 _d56919 |
||